Le décret de Saïs : les stèles de Thônis-Héracléion et de Naucratis : paléographie /

Saved in:

Main Author: Bomhard, Anne-Sophie von (Author)

Format: Book

Language: French

Published: Le Caire : Institut français d'archéologie orientale, 2025.

Series: Paleographie Hieroglyphique ; 9.
PaleHier ; 9.

Subjects:

Tags: Add Tag

No Tags, Be the first to tag this record!

Call Number: ( F )PJ1526 .I8 v.9

LEADER 00796nam a22002297a 4500
003 OSt
005 20260525104056.0
008 260428s2025 ua ao 000 0 fre d
020 |a 9782724710960 
040 |c ARCE Library 
050 4 |a ( F )PJ1526 .I8 v.9 
100 0 |a Bomhard, Anne-Sophie von,   |e author 
245 1 0 |a Le décret de Saïs :  |b les stèles de Thônis-Héracléion et de Naucratis : paléographie /   |c Anne-Sophie von Bomhard. 
264 1 |a Le Caire :   |b Institut français d'archéologie orientale,   |c 2025. 
300 |a 210 pages :  |b illustrations, photographs ;  |c 28 cm. 
490 0 |a Paleographie Hieroglyphique ;   |v 9. 
490 0 |a PaleHier ;   |v 9. 
650 0 |a Inscriptions, Egyptian. 
651 0 |a Naucratis (Extinct city) 
901 |a reviewed 
942 |2 lcc  |c BK 
999 |c 61905  |d 61905